Drugged and dangerous: Prevalence and variants of substance use comorbidity among seriously violent offenders in the United States

Guardado en:  
Detalles Bibliográficos
Autores principales: DeLisi, Matt (Autor) ; Jennings, Wesley G. (Autor) ; Salas-Wright, Christopher P. (Autor) ; Vaughn, Michael G. (Autor)
Tipo de documento: Print Artículo
Lenguaje:Inglés
Publicado: 2015
En: Journal of drug issues
Año: 2015, Volumen: 45, Número: 3, Páginas: 232-248
Verificar disponibilidad: HBZ Gateway

MARC

LEADER 00000caa a22000002c 4500
001 1912522764
003 DE-627
005 20250115054945.0
007 tu
008 241217s2015 xx ||||| 00| ||eng c
035 |a (DE-627)1912522764 
035 |a (DE-599)KXP1912522764 
040 |a DE-627  |b ger  |c DE-627  |e rda 
041 |a eng 
084 |a 2,1  |2 ssgn 
100 1 |a DeLisi, Matt  |e VerfasserIn  |0 (DE-588)1057710989  |0 (DE-627)796179417  |0 (DE-576)184420946  |4 aut 
109 |a DeLisi, Matt  |a Lisi, Matt de  |a DeLisi, Matthew John 
245 1 0 |a Drugged and dangerous: Prevalence and variants of substance use comorbidity among seriously violent offenders in the United States 
264 1 |c 2015 
336 |a Text  |b txt  |2 rdacontent 
337 |a ohne Hilfsmittel zu benutzen  |b n  |2 rdamedia 
338 |a Band  |b nc  |2 rdacarrier 
700 1 |a Jennings, Wesley G.  |e VerfasserIn  |0 (DE-588)1065933401  |0 (DE-627)816949263  |0 (DE-576)323834345  |4 aut 
700 1 |a Salas-Wright, Christopher P.  |e VerfasserIn  |0 (DE-588)1136492348  |0 (DE-627)892990341  |0 (DE-576)47986425X  |4 aut 
700 1 |a Vaughn, Michael G.  |e VerfasserIn  |0 (DE-588)1099441749  |0 (DE-627)858561409  |0 (DE-576)377609609  |4 aut 
773 0 8 |i Enthalten in  |t Journal of drug issues  |d Thousand Oaks, Calif. : Sage Publications, 1971  |g 45(2015), 3, Seite 232-248  |w (DE-627)129413372  |w (DE-600)188955-2  |w (DE-576)014792567  |x 0022-0426  |7 nnas 
773 1 8 |g volume:45  |g year:2015  |g number:3  |g pages:232-248 
787 0 8 |i Forschungsdaten  |a United States Department of Health and Human Services. Substance Abuse and Mental Health Services Administration. Center for Behavioral Health Statistics and Quality  |t National Survey on Drug Use and Health, 2012  |d [Erscheinungsort nicht ermittelbar] : [Verlag nicht ermittelbar], 2013  |w (DE-627)1840045205 
787 0 8 |i Forschungsdaten  |a United States Department of Health and Human Services. Substance Abuse and Mental Health Services Administration. Center for Behavioral Health Statistics and Quality  |t National Survey on Drug Use and Health, 2011  |d [Erscheinungsort nicht ermittelbar] : [Verlag nicht ermittelbar], 2012  |w (DE-627)1840045213 
787 0 8 |i Forschungsdaten  |a United States Department of Health and Human Services. Substance Abuse and Mental Health Services Administration. Center for Behavioral Health Statistics and Quality  |t National Survey on Drug Use and Health, 2010  |d [Erscheinungsort nicht ermittelbar] : [Verlag nicht ermittelbar], 2011  |w (DE-627)1840045221 
787 0 8 |i Forschungsdaten  |a United States Department of Health and Human Services. Substance Abuse and Mental Health Services Administration. Office of Applied Studies  |t National Survey on Drug Use and Health, 2009  |d [Erscheinungsort nicht ermittelbar] : [Verlag nicht ermittelbar], 2010  |w (DE-627)184004523X 
787 0 8 |i Forschungsdaten  |a United States Department of Health and Human Services. Substance Abuse and Mental Health Services Administration. Office of Applied Studies  |t National Survey on Drug Use and Health, 2008  |d [Erscheinungsort nicht ermittelbar] : [Verlag nicht ermittelbar], 2009  |w (DE-627)1840045248 
935 |a mkri 
951 |a AR 
ELC |b 1 
LOK |0 000 xxxxxcx a22 zn 4500 
LOK |0 001 4637488265 
LOK |0 003 DE-627 
LOK |0 004 1912522764 
LOK |0 005 20241217044346 
LOK |0 008 241217||||||||||||||||ger||||||| 
LOK |0 035   |a (DE-2619)ICPSR119848 
LOK |0 040   |a DE-2619  |c DE-627  |d DE-2619 
LOK |0 092   |o n 
LOK |0 852   |a DE-2619 
LOK |0 852 1  |9 00 
LOK |0 935   |a nacp 
LOK |0 939   |a 17-12-24  |b l01 
ORI |a SA-MARC-krimdoka001.raw